000 00744cam a2200205za 4500
005 20230403151248.0
008 230403e201706uuxxk | |||||||0|0 eng|d
020 _a9780414058323 (pbk.) :
_c£78.49
020 _a0414058321 (pbk.) :
_c£78.49
035 _a(UK-WkNB)9780414058323
041 _aeng
082 0 4 _a343.41078624
245 1 0 _aJCT: Management Building Contract 2016.
_bMC 2016
260 _aLondon :
_bSweet & Maxwell :
_b[distributor] Sweet & Maxwell Ltd :
_b[distributor] Thomson Reuters :
_b[distributor] Thomson Reuters :
_b[distributor] Academic Marketing Services (Pty),
_c2017.
490 _aJCT Contracts 2016
500 _aPaperback.
651 _aUnited Kingdom
942 _n0
999 _c121417
_d121417